000 00720cab a2200229 4500
001 WB3410-35
008 090401t1998 xxu||||| |||| 00| 0 eng d
035 _a(Sirsi) u84790
041 _aeng
245 _aSurveys may be dropped
260 _c1998
350 _a0
490 _aSunday Times
_v`Money` 8 March 1998, 6(1)
520 _aHalifax has confirmed that they may not ask for property surveys before giving a loan, ensuring quicker home purchases, other lenders may do the same. See also WB3409-18.
650 _aHALIFAX
650 _aINDEPENDENT VALUATIONS
650 _aMORTGAGE LENDERS
650 _aMORTGAGE VALUATIONS
690 _aHOUSING-HOUSING FINANCE
942 _n0
948 _c11/03/1998
999 _c53319
_d53319